| 000 | 01092cam a2200325 i 4500 | ||
|---|---|---|---|
| 999 |
_c200441864 _d60076 |
||
| 001 | 200441864 | ||
| 003 | TR-AnTOB | ||
| 005 | 20240905161158.0 | ||
| 007 | ta | ||
| 008 | 970807s1972 tu b b 001 0 tur | ||
| 035 | _a(TR-AnTOB)200441864 | ||
| 040 |
_aITU _beng _erda _cITU _dTR-AnTOB |
||
| 041 | 1 |
_atur _heng |
|
| 050 | 0 | 0 |
_aTJ263 _b.I84 1972 |
| 090 |
_aTJ263 _b.I84 1972 |
||
| 245 | 0 | 0 |
_aIsı el kitabı / _chaz. Alfa Laval; çev. Yelman Gazimihal. |
| 264 | 1 |
_a[Ankara] : _bMakina Mühendisleri Odası, _c1972. |
|
| 300 |
_a1 volume (various pagings) : _billustrations ; _c22 cm |
||
| 336 |
_atext _btxt _2rdacontent |
||
| 337 |
_aunmediated _bn _2rdamedia |
||
| 338 |
_avolume _bnc _2rdacarrier |
||
| 490 | 0 |
_aMakine Mühendisleri Odası ; _vyayın no ; 74. |
|
| 650 | 0 |
_aIsı değiştiriciler _xTasarım ve yapım _vEl kitapları vb. _921794 |
|
| 650 | 7 |
_aIsı _xİletim _vEl kitapları vb. _2etuturkob _9131335 |
|
| 700 | 1 |
_aGazimihal, Yelman _etranslator _9131337 |
|
| 710 | 2 |
_aAlfa-Laval (Firm) _9131336 |
|
| 942 |
_2lcc _cBK |
||